Microeconomics <an> intuitive approach
Salvato in:
| Autore principale: | |
|---|---|
| Natura: | Libro |
| Lingua: | inglese |
| Pubblicazione: |
Boston
CENGAGE Learning
2017
|
| Edizione: | 2nd ed. |
| Soggetti: | |
| Tags: |
Nessun Tag, puoi essere il primo ad aggiungerne!!
|
MARC
| LEADER | 00000nam a2200000 4500 | ||
|---|---|---|---|
| 001 | 0227085 | ||
| 005 | 20240221114234.6 | ||
| 020 | |a 978-1-305-11594-1 | ||
| 020 | |a 1-305-11594-5 | ||
| 041 | 0 | |a eng | |
| 044 | |a US | ||
| 245 | 1 | 0 | |a Microeconomics |b <an> intuitive approach |c Thomas J. Nechyba |
| 250 | |a 2nd ed. | ||
| 264 | 1 | |a Boston |b CENGAGE Learning |c 2017 | |
| 300 | |a 772 s. | ||
| 610 | 2 | 0 | |a mikroekonomika |
| 610 | 2 | 0 | |a spotrebitelia |
| 610 | 2 | 0 | |a pracovníci |
| 610 | 2 | 0 | |a sporenie obyvateľstva |
| 610 | 2 | 0 | |a produkcia |
| 610 | 2 | 0 | |a rovnováha trhová |
| 610 | 2 | 0 | |a konkurencia |
| 610 | 2 | 0 | |a rozhodovanie strategické |
| 610 | 2 | 0 | |a blahobyt |
| 100 | 1 | |a Nechyba, Thomas J. | |